000 00358nam a2200145Ia 4500
008 151213s9999 xx 000 0 und d
100 _aHerman Melville
245 _aMoby Dick
_cHerman Melville
260 _bCollins
_c1953
300 _a8859 p.
650 _aEnglish Literature
650 _aEnglish Literature
700 _aHerman Melville
999 _c4644
_d4644